000
00261nam a22001217a 4500
008
170329b xxu||||| |||| 00| 0 eng d
041
_a
eng
080
_a
796.3
100
_a
8
101
_a
SHM
245
_a
TOTAL FITNESS WELLNESS
_c
POWERS.S.K
942
_2
udc
_c
BK
999
_c
8894
_d
8894